000
00260nam a2200097 a 4500
005
20200930070210.0
008
110825s1915 000 spa d
245
3
_a
La blenorragia en la mujer. su tratamiento.
260
_a
Santo Domingo,
_c
1915.
999
_c
32843
_d
32843
040
_a
DO-SdBNP